الصوت والضوء من قلعة صلاح الدين
محفوظ في:
مؤلف مشترك:
التنسيق: كتاب
اللغة: Undetermined
منشور في:
Cairo
The Ministry of Tourism and Antiquities
1962
الوسوم: إضافة وسم
لا توجد وسوم, كن أول من يضع وسما على هذه التسجيلة!
رقم الطلب:
| LEADER | 00350nam a2200109Ia 4500 | ||
|---|---|---|---|
| 008 | 240503s9999||||xx |||||||||||||| ||und|| | ||
| 245 | 1 | 0 | |a الصوت والضوء من قلعة صلاح الدين |
| 264 | 1 | |a Cairo |b The Ministry of Tourism and Antiquities |c 1962 | |
| 300 | |c 24 | ||
| 710 | 2 | |a The Ministry of Tourism and Antiquities | |
| 942 | |2 lcc |c BK | ||
| 999 | |c 58318 |d 58318 | ||
